| 000 | 00850nam a22002417a 4500 | ||
|---|---|---|---|
| 005 | 20080626104633.0 | ||
| 008 | 080618t xxu||||| |||| 00| 0 eng d | ||
| 010 | _aENG-90425 | ||
| 020 |
_c495.00 _a81313.4099 |
||
| 035 | _aEN-73958 | ||
| 037 | _bDBAD / PUB | ||
| 040 |
_aDPL _bEN |
||
| 082 | _a572.6 | ||
| 100 | _aRanjithakumari, B.D. | ||
| 245 |
_aPlant proteomics / _cby B.D. Ranjithakumari |
||
| 260 |
_aNew Delhi _bAPH Publishing Corporation _c2008 |
||
| 260 |
_a _b |
||
| 270 |
_a4435-36/7, Ansri Road, Darya Ganj, _bNew Delhi _e110002 |
||
| 300 |
_a155p. _c23 cm (Hb) |
||
| 500 | _aIncludes references | ||
| 942 |
_cEN _h572.6 _2ddc _m RAN |
||
| 999 |
_c14020 _d14020 |
||